Papers relating to the foreign relations of the United States. Japan 1931-1941

Salvato in:
Dettagli Bibliografici
Natura: Libro
Lingua:inglese
Pubblicazione: Washington, D.C Government Printing Office 1943
Soggetti:
Tags: Aggiungi Tag
Nessun Tag, puoi essere il primo ad aggiungerne!!

MARC

LEADER 00000nam a2200000 a 4500
001 UCT9116
003 CL-VaPUC
008 970404e19430000US |||||||||||||||||eng|d
082 0 4 |a 327  |b PAP  |2 21 
245 1 0 |a Papers relating to the foreign relations of the United States. Japan 1931-1941 
300 |a 2 v 
942 |c BK 
945 |d 19970404 00:00:00  |a cmena 
260 |a Washington, D.C  |b Government Printing Office  |c 1943 
650 0 |a Relaciones Internacionales  |9 255740 
650 0 |a Política internacional  |9 255813 
650 0 |a Historia siglo 20  |9 255736 
650 0 |a Fuerzas Armadas  |9 255504 
651 0 |a Japón   |9 260391 
651 0 |a Estados Unidos  |9 255178 
583 |a last modification  |c 19970404 00:00:00  |k Rodrigo Vera 
999 |c 257540  |d 257538 
952 |0 0  |1 0  |4 0  |6 327_000000000000000_PAP_1943  |7 0  |8 P  |9 281057  |a BIBDER  |b BIBDER  |d 2019-11-19  |h v.1  |i 1820397  |o 327 PAP 1943  |p 1820397  |r 2023-01-25  |w 2019-11-19  |y BK  |k DER